NBA team with the most championships - Statistics

General Stats
  • This quiz has been taken 7,041 times
    7,040 since last reset
  • The average score is 13 of 19
Answer Stats
Hint Answer % Correct
16 Los Angeles Lakers
100%
17 Boston Celtics
99%
6 Chicago Bulls
93%
1 Miami Heat
90%
4 San Antonio Spurs
89%
3 Golden State Warriors
88%
3 Detroit Pistons
81%
2 Houston Rockets
78%
1 Dallas Mavericks
76%
3 Philadelphia 76ers
76%
2 New York Knicks
72%
1 MIlwaukee Bucks
69%
1 Atlanta Hawks
57%
1 Seattle Supersonics
57%
1 Portland Trail Blazers
56%
1 Baltimore Bullets
44%
1 Wahington Bullets
44%
1 Rochester Royals
31%
1 Syracuse Nationals
19%
No matching quizzes found
Score Distribution
Percent of People with Each Score
Percentile by Number Answered
Your Score History
You have not taken this quiz since the last reset